UBT Library

Structure of the human brain : (Record no. 39203)

000 -LEADER
fixed length control field 00618pam a2200217 a 4500
001 - CONTROL NUMBER
control field 2437350
005 - DATE AND TIME OF LATEST TRANSACTION
control field 20171220042707.0
008 - FIXED-LENGTH DATA ELEMENTS--GENERAL INFORMATION
fixed length control field 880607s1989 nyua 001 0 eng c
010 ## - LIBRARY OF CONGRESS CONTROL NUMBER
LC control number 88019551
020 ## - INTERNATIONAL STANDARD BOOK NUMBER
International Standard Book Number 019504357X (alk. paper)
040 ## - CATALOGING SOURCE
Original cataloging agency DNLM/DLC
Transcribing agency DLC
Modifying agency DLC
041 ## - LANGUAGE CODE
Language code of text/sound track or separate title eng
060 ## - NATIONAL LIBRARY OF MEDICINE CALL NUMBER
Classification number WL 17 D285s
080 ## - UNIVERSAL DECIMAL CLASSIFICATION NUMBER
Universal Decimal Classification number 611..81 STE
082 00 - DEWEY DECIMAL CLASSIFICATION NUMBER
Classification number 611..81 STE
Edition number 19
100 1# - Rafti
Rafti 7
101 ## - Shkurtesa
Shkurtesa SHM
245 10 - TITLE STATEMENT
Title Structure of the human brain :
Statement of responsibility, etc Stephen J. DeArmond, Madeline M. Fusco, Maynard M. Dewey.
906 ## - LOCAL DATA ELEMENT F, LDF (RLIN)
a 7
b cbc
c orignew
d 1
e ocip
f 19
g y-gencatlg
942 ## - ADDED ENTRY ELEMENTS (KOHA)
Source of classification or shelving scheme
Item type Books

No items available.

UBT Library © 2015-2024. All rights reserved University Education for Business and Technology